000 01285nam a22002657a 4500
005 20170124102944.0
010 _aB-023332
020 _c100.00
_a8185139520
035 _aA-995116
037 _bCen Lib/Ret
040 _aDPL
_bHN
082 _a822
_bदीक्षित
100 _aदीक्षित , रामाश्रय
_949347
245 _aदमन :
_c रामाश्रय दीक्षित
_bस्वतंत्रता संग्राम की पृष्ठभूमि पर आधारित नाटक /
246 _adaman :bhartiya swatantrta -sangram ki preshthbhumi per aadharit natak
_bby Ramashrya Dikshit
260 _aबिजनौर
_bहिन्दी साहित्य निकेतन
_c1999
270 _a16-साहित्य विहार
_bबिजनौर
_e246701
300 _a131पृष्ठ.
_c21सेमी(सजिल्द)
650 _aहिंदी साहित्य
_949348
650 _aहिंदी नाटक -स्वतंत्रता संग्राम
_949349
650 _aHindi literature
_949350
650 _aHindi Drama -Freedom Struggle
_949351
700 _94358
942 _2ddc
_cHN
_h822
_mदीक्षित
999 _c112829
_d112829